Úvod do problematiky finančnej gramotnosti

Pojem finančná gramotnosť. Úroveň finančnej gramotnosti na Slovensku a v Európskej únii. Iniciatívy Európskej komisie v procese finančného vzdelávania.

Salvato in:
Dettagli Bibliografici
Autore principale: Pilch, Ctibor, 1957-
Altri autori: Pilchová, Lenka
Natura: Capitolo di libro
Lingua:slovacco
Soggetti:
Tags: Aggiungi Tag
Nessun Tag, puoi essere il primo ad aggiungerne!!

MARC

LEADER 00000nla a2200000 4500
001 0224909
005 20240502073702.1
041 0 |a slo 
044 |a SK 
245 1 0 |a Úvod do problematiky finančnej gramotnosti  |c Ctibor Pilch, Lenka Pilchová 
520 |a Pojem finančná gramotnosť. Úroveň finančnej gramotnosti na Slovensku a v Európskej únii. Iniciatívy Európskej komisie v procese finančného vzdelávania. 
610 2 0 |a gramotnosť finančná 
610 2 0 |a vzdelávanie 
610 2 0 |a Slovensko 
610 2 0 |a Európska únia 
100 1 |a Pilch, Ctibor, 1957- 
700 1 |a Pilchová, Lenka